000 01699nam2a22002771 4500
001 RU\NLR\INFOCOMM16\1000066347
005 20250617060605.0
035 _a(NLR Aleph) 002509662
090 _a2667451
_c2667451
100 _a20040412d1956 |||y0rusy50 ca
101 0 _arus
102 _aRU
105 _ay |||||||||
200 1 _aУниверсальное приспособление для шлифования поверхностей деталей с большим радиусом кривизны
_fВ.М. Волков, Ф. Куцовский
210 _d1956
_aБ. м.
225 1 _aМеханическая обработка металлов
461 0 _1001RU\NLR\INFOCOMM16\1000066274
_12001#$aИнформационно-технический листок$fВсесоюз. о-во по распространению полит. и науч. знаний. Ленингр. дом науч.-техн. пропаганды$v1956, №80
_92666820
_aЛенинградский дом научно-технической пропаганды
_cЛ.
_d1956-1958
_fВсесоюз. о-во по распространению полит. и науч. знаний. Ленингр. дом науч.-техн. пропаганды
_tИнформационно-технический листок
_v1956, №80
700 1 _4070
_7ca
_8rus
_aВолков
_bВ. М.
_cинженер, шлифовальные станки
_gВалентин Михайлович
_9270377
_3RU\NLR\AUTH\770270433
701 1 _aКуцовский
_bФ.
_4070
801 1 _aRU
_bInfoComm
_c20040412
801 0 _aRU
_bNLR
_gPSBO
852 _aNLR
_jП10/1438
942 _cISSUE
980 _aNB
980 _aRUSPER